000 00700nam a22001697a 4500
003 OSt
005 20171010095533.0
008 121005t xxu||||| |||| 00| 0 eng d
040 _aMMSU
_cULS
100 _aBagasol, May-Joy C., Dancel, Fran Mark T., Laigue, Joel Joseph M.
_913188
245 _aDetermination of energy savings from air conditioning units through cleaning and thermostat setting
_cMay-Joy C. Bagasol, Fran Mark T. Dancel, Joel Joseph M. Laigue
260 _c2008
300 _aviii, [47] leaves
_c28 cm.
500 _aThesis (BS Electrical Engineering) -- Mariano Marcos State University-College of Engineering, Batac City
504 _aBibliography: leaf 28
942 _2ddc
_cTHEDIS
999 _c9822
_d9822